Municípios da Região Metropolitana do Cariri (CE) no mapa - Statistics

Estatísticas Gerais
  • Esse quiz foi jogado 71 vezes
  • A pontuação média é 7 de 9
Respostas no mapa
Respostas codificadas por cores de uma escala verde-vermelha no mapa do quiz de acordo com a % correta abaixo.
 
Estatísticas das Respostas
Município % Correto
Crato
100%
Juazeiro do Norte
98%
Barbalha
96%
Missão Velha
79%
Caririaçu
70%
Nova Olinda
70%
Santana do Cariri
70%
Jardim
66%
Farias Brito
53%
Nenhum quiz correspondente encontrado
Distribuição das Pontuações
Porcentagem de Pessoas com Cada Pontuação
Percentil de Números Respondidos
Sua Pontuação Histórica
Você não jogou esse quiz